| 000 | 00873cab a22002055a 4500 | ||
|---|---|---|---|
| 001 | L141455 | ||
| 008 | 071126e20071019xxka f 000 0 eng d | ||
| 035 | _a(Sirsi) u141455 | ||
| 041 | 0 | _aeng | |
| 100 | 1 | _aKennett, Stephen | |
| 245 | 0 | 0 |
_aSpecifier _bstructures |
| 260 | _c2007 | ||
| 490 | 0 |
_aBuilding _v272(8502) 19 October 2007, 86-90(5) |
|
| 520 | _aExplains the complex design behind the Monsoon headquarters building in Notting Hill. The building will be held up by a giant concrete lattice rather than vertical columns. Also looks at how European structural design codes will introduce the concept of design working life to British engineering. Includes details of tension systems, cavity wall weeps, mesh, and seals. | ||
| 590 | _aKA | ||
| 651 | 4 |
_aUnited Kingdom _y |
|
| 690 | _aBUILT ENVIRONMENT-BUILDING ELEMENTS | ||
| 700 | 1 | _aMayer, Peter | |
| 942 | _n0 | ||
| 999 |
_c79493 _d79493 |
||